000 00675nam a2200193 i 4500
001 bgj
100 1 _aDIEHL, Ludwig
_d(1880- ).
245 1 0 _aThe Sardonic Smile /
_cLudwig Diehl ; being the authorized translation of Ahasuerus by Ludwig Diehl by Louise Collier Willcox.
260 _aBoston :
_bHoughton Mifflin Company,
_c1926
_aNew York.
300 _a299 pp ;
_c20 cm.
500 _aAt the head of title: The romantic life of Henrich Heine.
600 1 9 _aHEINE Heinrich, 1797-1856
655 _aFiction
700 1 _aWILLCOX, Louis Collier
_d(1865-1929).
_etransl.
040 _cBPK
041 0 _aeng
_hger
942 _cKS
008 s uk f |000 0 eng
999 _c48708
_d48708
856 _uhttp://koha.tu.koszalin.pl/cgi-bin/koha/opac-detail.pl?biblionumber=48708
_yKatalog online BPK